| 000 | 01385nam a22002297a 4500 | ||
|---|---|---|---|
| 999 |
_c57353 _d57353 |
||
| 003 | Ge_BSU | ||
| 005 | 20200527160823.0 | ||
| 008 | 200527s2018 ge ||||| |||| 00| 0 geo d | ||
| 020 | _a9789941960734 | ||
| 041 | _ageo | ||
| 080 | _a343(042.4) გ-12 | ||
| 100 |
_aგაბისონია, ირაკლი _97024 |
||
| 245 |
_aსისხლის სამართლის კერძო ნაწილი, ადამიანის სიცოცხლისა და ჯანმრთელობის წინააღმდეგ მიმართული დანაშაული : _bლექციების კურსი. წიგნი პირველი / _c ირაკლი გაბისონია, ჯემალ გაბელია, თეიმურაზ დარსანია. რედ. მ. მამნიაშვილი, ა, ფუტკარაძე. |
||
| 264 |
_aთბილისი : _bიურისტების სამყარო, _c2018. |
||
| 300 |
_a426 გვ. _b21 სმ. |
||
| 504 | _aბიბლ. : გვ. 422-423 | ||
| 653 | _aსამართალი | ||
| 653 | _aსისხლის სამართალი | ||
| 700 |
_aგაბელაია. ჯ. _eავტორი _98232 |
||
| 700 |
_aდარსანია. თ. _eავტორი _98233 |
||
| 942 |
_2udc _cBK |
||